All The Who Songs - Statistics

General Stats
  • This quiz has been taken 7 times
  • The average score is 53 of 155
Answer Stats
Hint Answer % Correct
My Generation
100%
Who's Next Baba O'Riley
80%
Behind Blue Eyes
80%
Boris The Spider
80%
It's Hard
80%
Pinball Wizard
80%
Quadrophenia
80%
Who Are You
80%
Eminence Front
60%
Endless Wire
60%
Going Mobile
60%
I Can See for Miles
60%
Squeeze Box
60%
The Kids Are Alright
60%
The Real Me
60%
Won't Get Fooled Again
60%
You
60%
Face Dances You Better You Bet
60%
1921
40%
5:15
40%
905
40%
A Legal Matter
40%
Amazing Journey
40%
The Who Sell Out Armenia City in the Sky
40%
Bargain
40%
Bell Boy
40%
Blue Red and Grey
40%
Christmas
40%
Cobwebs and Strange
40%
Cousin Kevin
40%
Cut My Hair
40%
Doctor Jimmy
40%
Do You Think It's Alright?
40%
Dreaming from the Waist
40%
Drowned
40%
Fiddle About
40%
Getting in Tune
40%
Go to the Mirror!
40%
Guitar and Pen
40%
Had Enough
40%
Heat Wave
40%
Heinz Baked Beans
40%
Helpless Dancer
40%
However Much I Booze
40%
How Many Friends
40%
Quadrophenia I Am the Sea
40%
Imagine a Man
40%
I'm Free
40%
I'm One
40%
I Need You
40%
It's a Boy
40%
It's Not True
40%
I've Had Enough
40%
Love Ain't for Keeping
40%
Love Is Coming Down
40%
Love, Reign o'er Me
40%
Mary Anne with the Shaky Hand
40%
Medac
40%
Miracle Cure
40%
Music Must Change
40%
My Wife
40%
Who Are You New Song
40%
Odorono
40%
Our Love Was
40%
My Generation Out in the Street
40%
Tommy Overture
40%
Please, Please, Please
40%
Rael (1 and 2)
40%
Relax
40%
A Quick One Run Run Run
40%
Sally Simpson
40%
Sea and Sand
40%
Sensation
40%
Silas Stingy
40%
Sister Disco
40%
The Who by Numbers Slip Kid
40%
Smash the Mirror
40%
So Sad About Us
40%
Sparks
40%
Success Story
40%
Sunrise
40%
Tattoo
40%
Tea & Theatre
40%
The Acid Queen
40%
The Dirty Jobs
40%
The Good's Gone
40%
The Hawker
40%
The Ox
40%
The Punk and the Godfather
40%
There's a Doctor
40%
The Rock
40%
The Song Is Over
40%
They Are All in Love
40%
Tommy Can You Hear Me?
40%
Tommy's Holiday Camp
40%
Trick of the Light
40%
Underture
40%
Welcome
40%
We're Not Gonna Take It
40%
Whiskey Man
40%
Who All This Music Must Fade
20%
A Man in a Purple Dress
20%
Another Tricky Day
20%
A Quick One, While He's Away
20%
It's Hard Athena
20%
Ball and Chain
20%
Beads on One String
20%
Black Widow's Eyes
20%
Cache Cache
20%
Cooks County
20%
Cry If You Want
20%
Daily Records
20%
Dangerous
20%
Detour
20%
Did You Steal My Money
20%
Don't Let Go the Coat
20%
Don't Look Away
20%
Hero Ground Zero
20%
How Can You Do It Alone
20%
I Can't Reach You
20%
I Don't Mind
20%
I Don't Wanna Get Wise
20%
I'll Be Back
20%
I'm a Man
20%
In a Hand or a Face
20%
Is It in My Head?
20%
I've Known No War
20%
La-La-La-Lies
20%
Mike Post Theme
20%
Much Too Much
20%
Rockin' in Rage
20%
See My Way
20%
She Rocked My World
20%
Sound Round
20%
Street Song
20%
The Quiet One
20%
We Got a Hit
20%
A Man Is a Man
0%
Break the News
0%
Endless Wire Fragments
0%
Fragments of Fragments
0%
God Speaks of Marty Robbins
0%
In the Ether
0%
It's Not Enough
0%
It's Your Turn
0%
Mirror Door
0%
One at a Time
0%
One Life's Enough
0%
Pick Up the Peace
0%
They Made My Dream Come True
0%
Trilby's Piano
0%
Two Thousand Years
0%
Unholy Trinity
0%
Why Did I Fall for That
0%
You Stand by Me
0%
No matching quizzes found
Score Distribution
Percent of People with Each Score
Percentile by Number Answered
Your Score History
You have not taken this quiz